| 000 | 00493nam a22001575i 4500 | ||
|---|---|---|---|
| 001 | 168610 | ||
| 003 | ES-MaACL | ||
| 005 | 20230906213831.0 | ||
| 008 | 080423s1969 sp |||| | spa d | ||
| 100 | 1 |
_aMacDonald, John D. _9137688 |
|
| 245 | 1 | 4 |
_aLos verdugos / _cJohn D. MacDonald ; [traducción por María R. Sanagustín]. |
| 260 |
_aBarcelona : _bCaralt, _c1969. |
||
| 300 |
_a256 p. ; _c20 cm. |
||
| 700 | 1 |
_aSanagustín, María Rosario. _9102323 |
|
| 852 |
_aES-MaACL _jC-39494 _9R.72041 |
||
| 999 |
_c168610 _d168610 |
||